Statistiques concernant Football - Vainqueurs de la Coupe des Coupes

Cliquez ici pour prendre le quiz!

Statistiques générales

  • Ce quiz a été pris 592 fois
  • Le résultat moyen est 21 sur 39

Statistiques - réponses

HintRéponse% Correct
1996Paris SG
94%
1982FC Barcelone
89%
1979FC Barcelone
89%
1989FC Barcelone
89%
1997FC Barcelone
89%
1973Milan AC
81%
1968Milan AC
81%
1967Bayern Munich
79%
1984Juventus
77%
1994Arsenal
75%
1971Chelsea
74%
1998Chelsea
74%
1987Ajax
73%
1991Manchester United
73%
1966Borussia Dortmund
67%
1962Atletico Madrid
59%
1999Lazio Rome
59%
1970Manchester City
55%
1963Tottenham
55%
1976Anderlecht
52%
1978Anderlecht
52%
1980Valence
52%
1964Sporting CP
48%
1993Parme
43%
1975Dynamo Kiev
41%
1986Dynamo Kiev
41%
1972Glasgow Rangers
40%
1977Hambourg
40%
1985Everton
37%
1961Fiorentina
35%
1992Werder Breme
34%
1965West Ham
29%
1988FC Malines
28%
1990Sampdoria
28%
1995Real Saragosse
24%
1981Dinamo Tbilissi
22%
1974FC Magdebourg
16%
1983Aberdeen
15%
1969Slovan Bratislava
11%

Distribution des résultats

Percentile par nombre de réponses

% des personnes avec chaque résultat

Votre développement - résultats

Vous n’avez pas pris ce quiz